[Event "EICC 2017"]
[Site "Minsk"]
[Date "2017.06.06"]
[Round "7"]
[White "Volokitin, Andrei"]
[Black "Martirosyan, Haik M"]
[Result "0-1"]
[WhiteElo "2649"]
[BlackElo "2516"]
[Annotator "TA"]
[PlyCount "73"]
[EventDate "2017.??.??"]
[EventCountry "BLR"]
[SourceTitle "playchess.com"]
[Source "ChessBase"]
[SourceQuality "1"]

{[%evp 14,73,37,26,32,32,56,39,54,41,77,77,70,78,77,71,64,66,74,45,70,73,95,94,92,91,95,92,110,97,104,96,93,84,124,117,107,105,118,96,326,300,296,136,144,141,144,139,229,235,209,137,134,127,272,222,225,111,95,0,0,0]} 1. e4 c6 2. d4 d5 3. e5 Bf5 4. Nf3 e6 5. Be2 Ne7 6. O-O h6 7. c3 Nd7 8. Nbd2 {[%cal Bb1d2,Bd2f1,Bf1g3,Bg3h5,Bh5g7][%mdl 32] LiveBook: 90 Games. B12: Caro-Kann: Advance Variation} (8. a4 c5 9. dxc5 Nxc5 10. Nd4 Bg6 11. a5 a6 12. Be3 Nf5 13. Nxf5 Bxf5 14. Nd2 Be7 15. Nb3 Rc8 16. Nxc5 Bxc5 {½-½ (46) Fressinet,L (2676)-Melkumyan,H (2653) Germany 2017}) 8... a5 9. a4 g5 $146 ({Predecessor:} 9... Bg6 10. b4 axb4 11. cxb4 Nf5 12. Ba3 Be7 13. a5 O-O 14. Qc1 Bh5 15. Bd3 Bg6 {1-0 (70) Malashenkov,A (2315)-Salzmann,S (2167) LSS email 2013}) 10. Re1 {White is slightly better.} Bg7 11. Nf1 Qc7 12. Ng3 Bg6 13. Bd3 c5 14. Bxg6 Nxg6 15. Nh5 Bf8 16. h3 Be7 17. Ng7+ Kf8 18. Nh5 Ra6 19. Be3 c4 20. Nh2 f5 21. exf6 Nxf6 22. b3 cxb3 23. Rb1 Rb6 24. Nxf6 Bxf6 25. Rxb3 Kg7 26. Ng4 Re8 $2 (26... Rxb3 $16 27. Qxb3 Be7) 27. Rxb6 $18 Qxb6 28. c4 (28. Nxf6 $18 {is the precise move to win.} Kxf6 29. h4 $1 {[%mdl 512]}) 28... dxc4 $16 29. Nxf6 Kxf6 30. d5 Qb4 {[#]} (30... Qd6 $16 {might work better.}) 31. Bd2 $1 $18 {[%cal Rd2b4][%mdl 1024] White has strong compensation.} Qb3 32. Qh5 Qd3 33. Rd1 (33. Bxa5 Qxd5 34. Bc3+ e5 $16) 33... Qf5 (33... exd5 $16 {was called for.} 34. Qxh6 Ke6) 34. Bc3+ ({Weaker is} 34. Bxa5 exd5 35. Bc3+ (35. Qxh6 Re2 $16) 35... Ke7 $16) (34. Qxh6 $2 Rh8 $19) 34... e5 35. d6 (35. Bxa5 $18 {Threatens to win with d6.} Rh8 36. Qe2) 35... b6 $16 36. Qxh6 ({White should play} 36. d7 $16 Rd8 37. Rd6+ (37. Qxh6 Rxd7 38. Re1 Ke7 $11) 37... Kg7 38. Qg4 (38. Rxb6 Rxd7 39. Bxa5 Rd3 $11) 38... Qxg4 39. hxg4) 36... Qc2 $11 37. Rd2 {[%mdl 32768] Precision: White = 70%, Black = 45%. . Loss on Time!?} 0-1

[Event "EICC 2017"]
[Site "Minsk"]
[Date "2017.06.06"]
[Round "7"]
[White "Sutovsky, Emil"]
[Black "Jojua, Davit"]
[Result "1/2-1/2"]
[WhiteElo "2646"]
[BlackElo "2581"]
[Annotator "TA"]
[PlyCount "82"]
[EventDate "2017.??.??"]
[EventCountry "BLR"]
[SourceTitle "playchess.com"]
[Source "ChessBase"]
[SourceQuality "1"]

{[%evp 29,82,48,63,41,16,12,26,0,0,0,0,0,22,22,22,22,14,20,56,0,0,0,0,0,0,-74,-75,-68,0,0,0,-56,0,0,0,0,0,0,0,0,0,0,0,0,0,0,0,0,0,0,0,0,0,0,0]} 1. e4 e5 2. Nf3 Nc6 3. Bb5 a6 4. Ba4 Nf6 5. O-O Nxe4 6. d4 b5 7. Bb3 d5 {[%cal Bd7d5,Bd5d4,Bd4d3][%mdl 32]} 8. dxe5 Be6 9. Nbd2 Nc5 10. c3 Be7 11. Bc2 d4 12. Nb3 {C83: Open Ruy Lopez: 9 c3 Be7} d3 13. Bb1 Nxb3 14. axb3 Bf5 15. Re1 O-O {LiveBook: 23 Games} 16. Bf4 Qd7 17. b4 Rfd8 18. h4 h6 19. Re3 a5 20. bxa5 {[#]} Bc5 $146 ({Predecessor:} 20... Rxa5 21. Rxa5 Nxa5 {0-1 (48) Kasimdzhanov,R (2703)-Wei,Y (2694) Tashkent 2016}) 21. Re1 b4 ({But not} 21... Rxa5 22. Rxa5 Nxa5 23. b4 $16) 22. a6 bxc3 23. bxc3 Bb6 24. Ra4 (24. Ba2 $14) 24... Qc8 $36 {[%mdl 2048] Black has some pressure.} 25. Qd2 Rxa6 26. Rxa6 Qxa6 27. Ba2 (27. Bxh6 $11 {keeps the balance.} gxh6 28. Qxh6) 27... Ne7 $17 28. e6 fxe6 (28... f6 $1 $15) 29. Ne5 $11 {And now g4 would win.} Nd5 30. Bc4 (30. g4 $11 Bh7 {[#]} 31. Bxh6 $1 {[%mdl 512]} Bxf2+ 32. Kxf2 (32. Qxf2 Rf8 $11) 32... gxh6 33. Qxh6 Rf8+ 34. Kg3 Qxa2 35. Qxe6+ Kg7 36. Qd7+ Kg8 37. Qe6+ Kg7 38. Qd7+ Kg8 39. Qe6+) 30... Qa4 {[#]} (30... Qa3 $1 $15 31. g4 Bh7 32. Bxh6 Rf8) 31. Bxh6 $1 {[%mdl 512] The position is equal.} gxh6 32. Qxh6 Qc2 33. Qg5+ Kh7 34. Nxd3 Qxc3 {...Qf6 is the strong threat.} 35. Qxd8 Qxc4 36. Qd7+ Kh6 37. Rxe6+ Bxe6 38. Qxe6+ Kg7 39. Qe5+ Kf7 40. Qf5+ Ke7 41. Qh7+ Ke6 {Precision: White = 70%, Black = 81%.} 1/2-1/2

[Event "EICC 2017"]
[Site "Minsk"]
[Date "2017.06.06"]
[Round "7"]
[White "Lysyj, Igor"]
[Black "Boruchovsky, Avital"]
[Result "1/2-1/2"]
[WhiteElo "2643"]
[BlackElo "2557"]
[Annotator "TA"]
[PlyCount "141"]
[EventDate "2017.??.??"]
[EventCountry "BLR"]

{[%evp 17,141,28,28,4,4,4,3,5,3,6,13,8,17,20,25,19,77,70,69,74,79,78,72,43,68,70,93,77,68,72,71,58,57,54,57,45,42,33,39,34,94,92,85,76,67,60,71,12,12,13,13,12,13,13,13,16,23,2,2,2,2,4,5,2,2,2,13,13,33,38,32,7,16,7,7,0,7,0,7,0,11,0,1,1,1,0,1,0,1,1,1,0,18,0,1,1,1,1,1,1,1,1,1,1,1,1,1,1,1,1,1,1,1,1,1,1,1,1,1,1,1,1,1,1,1,1]} 1. d4 e6 2. c4 Bb4+ 3. Bd2 a5 4. Nf3 Nf6 5. g3 d5 6. Bg2 O-O 7. Qc2 Be7 8. O-O c6 9. Bf4 Nbd7 10. a3 {E08: Closed Catalan: Main Line: 7 Qc2} b6 11. cxd5 cxd5 12. Nc3 $146 ({Predecessor:} 12. Bc7 Qe8 13. Rc1 Ba6 14. Qd1 Rc8 15. Nbd2 Bd8 16. Bd6 Rxc1 17. Rxc1 Be7 18. Bxe7 Qxe7 {½-½ (25) Rychagov,A (2552)-Postny,E (2648) Kavala 2015}) 12... Ba6 13. Rfc1 Rc8 14. Qb3 Nh5 15. Bd2 Bc4 16. Qd1 f5 (16... Ba6 $11 {remains equal.}) 17. e3 Qe8 18. Ne5 Nxe5 19. dxe5 g6 20. Ne2 Qd7 21. Nd4 Bc5 22. Be1 Bxd4 23. Qxd4 Rc6 24. b4 axb4 25. Bxb4 Rfc8 26. h3 Ng7 27. Rc3 Ne8 28. Rac1 Bb5 (28... b5 $14) 29. Rxc6 $16 Rxc6 30. Rxc6 Qxc6 31. Qh4 {[#] Strongly threatening Qe7.} Qc7 32. Qe7 ({White should play} 32. Qh6 $16 {[%csl Gb4][%cal Rh6f8]} Ng7 33. Qh4) 32... Qxe7 $11 33. Bxe7 {[%mdl 4096] Endgame KBB-KBN} Nc7 $1 34. Bd8 Na8 $1 35. g4 fxg4 36. hxg4 Kf7 37. f3 Ke8 38. Bh4 Nc7 39. Be1 Na6 40. Kf2 Nc5 41. Bc3 g5 42. Bd4 Kd8 43. Bf1 Be8 44. Ke1 Kc7 {The position is equal.} 45. Be2 Kc6 46. Bc3 Bg6 47. Bd4 Be8 48. Kd2 Bg6 49. Kc3 h5 50. gxh5 Bxh5 51. Kb4 Nb7 52. Kc3 Na5 53. a4 Kc7 54. Bd1 Kc6 55. Be2 Kc7 56. Kd2 Nb3+ 57. Kc2 Nxd4+ 58. exd4 {KB-KB} Be8 59. Kb3 Bh5 60. Kc3 Be8 61. Kb4 Bh5 62. a5 bxa5+ 63. Kxa5 Kd7 64. Kb5 Ke7 65. Kc5 Kd7 66. Kb6 Ke7 67. Kc7 Bg6 68. Bf1 Bf5 69. Bg2 g4 70. fxg4 Bxg4 71. Bf1 {Precision: White = 61%, Black = 72%.} 1/2-1/2

[Event "EICC 2017"]
[Site "Minsk"]
[Date "2017.06.06"]
[Round "7"]
[White "Shimanov, Aleksandr"]
[Black "Forcen Esteban, Daniel"]
[Result "1-0"]
[WhiteElo "2642"]
[BlackElo "2545"]
[Annotator "TA"]
[PlyCount "67"]
[EventDate "2017.??.??"]
[EventCountry "BLR"]
[SourceTitle "playchess.com"]
[Source "ChessBase"]
[SourceQuality "1"]

{[%evp 26,67,106,60,97,98,99,98,95,76,77,67,64,75,87,-25,-22,-14,-13,-26,-12,-79,-75,-108,-102,-158,-152,-295,-87,-71,0,0,0,0,0,0,150,166,229,234,1005,983,1207,1160]} 1. d4 Nf6 2. c4 g6 3. Nc3 Bg7 4. e4 d6 5. Nf3 O-O 6. Be2 e5 7. O-O Nc6 8. d5 Ne7 9. b4 Ne8 10. c5 f5 11. a4 {E97: King's Indian: Classical Main Line (6...e5 7 0-0 Nc6): 8 Be3 and 8 d5 Ne7, not 9 Ne1} Nf6 12. Nd2 f4 13. Nc4 g5 14. Nb5 {LiveBook: 4 Games} Ne8 15. Ba3 Ng6 {[#]} 16. Rc1 $146 ({Predecessor:} 16. Bg4 Nh4 17. Bxc8 Rxc8 18. g3 a6 19. Nc3 Ng6 {0-1 (31) Werle,J (2607)-Vallejo Pons,F (2702) Wijk aan Zee 2009}) 16... Rf7 17. Bg4 a6 18. Nc3 Bxg4 19. Qxg4 Bf8 20. a5 (20. f3 $16) 20... f3 $1 $11 21. gxf3 Rf4 22. Qe6+ Kh8 23. cxd6 (23. c6 $11 {keeps the balance.}) 23... Bxd6 $17 24. Nxd6 cxd6 25. b5 (25. Ne2 $142 Rxf3 26. Bb2) 25... Nh4 26. bxa6 (26. Ne2 $17 Rf6 27. Qg4) 26... bxa6 $2 {[#]} (26... Nxf3+ $19 {has better winning chances.} 27. Kg2 Nd4) 27. Ne2 Rxf3 (27... Nxf3+ $17 28. Kg2 Nh4+ 29. Kh1 Rf6) 28. Bb4 $11 Rf6 29. Qg4 Ng7 {...h5 is the strong threat.} 30. Kh1 Qf8 {[#]} (30... Nf3 $11) 31. f4 $1 $36 {[%mdl 2048] White is in control.} ({Much less strong is} 31. Qxg5 $6 Nf3 $14) 31... exf4 (31... Rb8 $142) 32. Qxg5 $18 Qe7 $2 (32... Ng6 33. Rc6 Re8) 33. Rxf4 Nhf5 34. exf5 {Precision: White = 40%, Black = 49%.} 1-0

[Event "EICC 2017"]
[Site "Minsk"]
[Date "2017.06.06"]
[Round "7"]
[White "Solak, Dragan"]
[Black "Stremavicius, Titas"]
[Result "1-0"]
[WhiteElo "2641"]
[BlackElo "2448"]
[Annotator "TA"]
[PlyCount "83"]
[EventDate "2017.??.??"]
[EventCountry "BLR"]
[SourceTitle "playchess.com"]
[Source "ChessBase"]
[SourceQuality "1"]

{[%evp 13,83,31,45,12,29,-9,100,89,133,137,137,128,135,143,169,103,112,87,75,72,66,41,55,0,0,5,31,17,14,20,6,11,33,0,4,0,29,38,31,0,22,8,16,0,45,50,187,192,182,156,166,166,214,200,386,133,132,120,131,129,123,120,127,128,780,764,689,448,433,200,29996,-175]} 1. d4 d6 2. e4 Nf6 3. Nc3 g6 4. Be3 c6 5. Qd2 b5 6. f3 Bb7 7. Bd3 Nbd7 8. g4 {B07: Pirc Defence: Miscellaneous Systems} (8. Nge2 a6 9. Ng3 h5 10. a3 Bg7 11. Rd1 Qc7 12. O-O c5 13. dxc5 Nxc5 14. Qf2 O-O 15. Rfe1 Rac8 {0-1 (52) Braylovsky,G (2327)-Ibragimov,I (2576) New York 2002}) 8... Bg7 9. h4 {[%cal Bh2h4,Bh4h5,Bh5h6][%mdl 32]} Nb6 $146 (9... e5 $11) ({Predecessor:} 9... h6 10. Nge2 a6 11. Ng3 Qc7 12. Kf2 c5 13. Be2 c4 14. g5 hxg5 15. hxg5 Rxh1 16. Rxh1 {1-0 (28) Anirudh,V-Ow,J Singapore 2008}) 10. h5 $16 {White is better.} Rg8 11. h6 Bh8 12. Nh3 Nfd7 13. Ng5 Nf8 14. a4 (14. f4 $18) 14... Nc4 15. Bxc4 $1 bxc4 16. a5 d5 17. Na4 f6 18. Nc5 {And now Nxh7 would win.} Bc8 $1 19. Nh3 Rb8 20. exd5 cxd5 21. b4 cxb3 22. cxb3 {[%cal Bc2b3,Bb3b4,Bb4c5][%mdl 32]} Ne6 {With the idea ...Nxc5.} 23. b4 Nxc5 24. bxc5 Ba6 25. Kf2 Kf7 26. Kg2 (26. Bf4 $5 {[%cal Rf4b8]}) 26... Qd7 27. Bf2 Rge8 28. Rab1 Rbc8 29. Rhe1 e5 (29... Bc4 $14) 30. dxe5 $18 fxe5 31. Ng5+ {[%cal Bh3g5,Bg5e4,Be4d6][%mdl 32]} Kg8 {[#]} 32. Ne4 $1 {[%mdl 512]} Qe6 (32... dxe4 33. Qxd7) 33. Nd6 e4 $2 (33... Rf8) 34. fxe4 $2 ({But not} 34. Nxc8 Bxc8 35. Bd4 Be5 $18) (34. Nxe8 $18 {and White stays clearly on top.} Rxe8 35. Bd4) 34... Qxg4+ $16 35. Bg3 Be5 36. Qxd5+ Re6 37. Rb3 Rf8 {[#]} 38. Nf5 $1 $40 {[%mdl 640] White goes for the king.} Bc8 $2 {[%mdl 8192] [#]} (38... Rfe8 $16) (38... gxf5 39. Qxe6+) 39. Ne7+ $1 $18 Kh8 40. Nxc8 Rxc8 41. Rf3 (41. Qd7 $142 Rg8 42. c6 (42. Qxa7 Rf6 $11) 42... Bxg3 43. Rxg3) 41... Ree8 $2 {[#]} (41... Bxg3 $18 42. Rxg3 Qf4) 42. Rf8+ $1 {[%mdl 33280] Precision: White = 47%, Black = 40%. . Loss on Time!?} 1-0

[Event "EICC 2017"]
[Site "Minsk"]
[Date "2017.06.06"]
[Round "7"]
[White "Ivanisevic, Ivan"]
[Black "Bocharov, Dmitry"]
[Result "1-0"]
[WhiteElo "2638"]
[BlackElo "2574"]
[Annotator "TA"]
[PlyCount "91"]
[EventDate "2017.??.??"]
[EventCountry "BLR"]
[SourceTitle "playchess.com"]
[Source "ChessBase"]
[SourceQuality "1"]

{[%evp 20,91,19,10,25,0,0,0,14,0,28,35,25,11,7,16,16,0,0,0,0,0,0,0,0,0,0,-5,0,-5,0,-5,-5,-5,-5,-6,-6,-30,-30,-31,0,0,0,0,0,0,0,0,0,0,0,0,0,0,0,0,1041,339,1550,1450,4957,4950,2711,1047,1304,988,1602,1463,1259,1177,6143,6131,5222,5210]} 1. e4 c6 2. d4 d5 3. e5 Bf5 4. h4 h5 5. Bd3 Bxd3 6. Qxd3 e6 7. Bg5 {B12: Caro-Kann: Advance Variation} Be7 8. Nf3 Nh6 9. Nc3 {[%cal Bb1c3,Bc3e2,Be2f4][%mdl 32]} Nf5 10. Ne2 c5 11. c3 {LiveBook: 3 Games} Nd7 $146 ({Predecessor:} 11... cxd4 12. cxd4 Qa5+ 13. Bd2 Qa6 14. Qxa6 Nxa6 {0-1 (64) Potapov,P (2474)-Alekseev,E (2679) Moscow 2015}) 12. Nf4 cxd4 13. cxd4 Qa5+ 14. Ke2 Rc8 15. Rhc1 Rc6 16. a3 g6 17. Rxc6 bxc6 18. Rc1 (18. Qc3 $5 {[%cal Rc3a5]} Qb5+ 19. Nd3 $11) 18... Qb6 19. Bxe7 Kxe7 20. Qc3 Rc8 21. Nd3 a5 22. g3 Ke8 23. Kd2 Rc7 24. Rc2 Qb5 25. Ke1 a4 26. Kd2 Nb6 27. Kc1 Nc4 28. Kb1 Rb7 29. Nc5 Nxd4 (29... Ra7 {seems wilder.} 30. Nd2 Na5 31. Nd3 Ra8 32. Rc1 Rd8) 30. Nxb7 Nxc2 31. Nd6+ Nxd6 32. exd6 {[#]} Nxa3+ $1 {[%mdl 512]} 33. Qxa3 {And now Ne5 would win.} Qf1+ 34. Kc2 {Hoping for d7+!} Qxf2+ 35. Nd2 Kd7 36. Qb4 e5 37. Kb1 Qxg3 $2 {[%mdl 8192]} (37... Qg1+ $11 38. Ka2 Qa7) 38. Ka2 $2 (38. Qb8) 38... Qf4 $2 {[#]} (38... Qg4 39. Qb8 Qe6) 39. Qb8 $1 $18 {White is clearly winning.} Qxd2 {[%mdl 4096] Endgame KQ-KQ} 40. Qc7+ Ke6 41. Qe7+ Kf5 42. d7 Qd3 43. Qxf7+ Kg4 44. Qe6+ Kf4 45. Qxc6 Qb3+ {[#]} 46. Kb1 $1 {Precision: White = 52%, Black = 49%.} 1-0

[Event "EICC 2017"]
[Site "Minsk"]
[Date "2017.06.06"]
[Round "7"]
[White "Kuzubov, Yuriy"]
[Black "Anton Guijarro, David"]
[Result "0-1"]
[WhiteElo "2637"]
[BlackElo "2660"]
[Annotator "TA"]
[PlyCount "158"]
[EventDate "2017.??.??"]
[EventCountry "BLR"]
[SourceTitle "playchess.com"]
[Source "ChessBase"]
[SourceQuality "1"]

{[%evp 11,158,2,19,0,3,0,8,6,13,16,17,-4,0,-6,12,0,6,-4,0,0,24,0,27,-8,0,-2,0,0,0,0,0,0,21,14,6,-16,-14,-25,0,0,0,-28,-35,-26,-24,-17,-28,-36,-33,-28,-48,-41,-28,-52,0,-14,-10,-4,-4,-16,0,-26,-21,-53,-52,-67,-72,-66,-67,-65,-69,-69,-72,-79,-79,-79,-79,-86,-95,-93,-31,-32,-19,-19,-19,-87,-87,-95,-85,-86,-86,-88,-93,-88,-86,-308,-275,-231,-131,-132,-133,-127,-110,-90,-147,-137,-113,-137,-77,-339,-313,-319,-310,-312,-312,-304,-185,-182,-182,-312,-309,-304,-261,-273,-257,-306,-268,-559,-552,-501,-489,-663,-676,-12841,-12841,-12841,-12842,-12840,-12840,-12845,-12845,-12845,-12846,-12847,-12847,-12848,-12847,-12848,-12847]} 1. g3 c5 2. Bg2 Nc6 3. c4 g6 4. Nf3 Bg7 5. O-O d6 6. Nc3 Bf5 7. h3 {A37: Symmetrical English vs ...g6: 4 Bg2 Bg7 5 Nf3} Rb8 $146 ({Predecessor:} 7... e5 8. a3 Nge7 9. d3 O-O 10. Bd2 Rb8 11. b4 b6 12. Qa4 Bd7 13. Nb5 a6 14. Qxa6 e4 15. dxe4 {½-½ (28) Gajewski,G (2648)-Ragger,M (2668) Montpellier 2015}) 8. d3 Nf6 9. Be3 {The position is equal.} O-O 10. Qd2 a6 11. Bh6 b5 12. Nd5 Re8 (12... Be6 {feels hotter.} 13. Nxf6+ exf6 14. Bxg7 Kxg7 15. b3 Qd7) 13. Bxg7 Kxg7 14. Nxf6 exf6 15. b3 bxc4 16. dxc4 Be4 17. e3 a5 18. Rfd1 Re6 19. Qc3 h6 20. Ne1 Bxg2 21. Kxg2 Qc7 22. Nd3 g5 23. Kh2 a4 24. bxa4 Qa5 25. Qc2 Nb4 26. Qd2 Qxa4 27. Rdb1 Nc6 28. Rxb8 Nxb8 29. Nb2 Qa3 30. Nd1 Nc6 31. Qc2 Ne5 {Hoping for ...Qa8.} 32. Nc3 Qa6 ({Black should try} 32... Nxc4 $15 33. Nd5 Ne5) 33. Nd5 Qxc4 34. Qxc4 Nxc4 $11 {[%mdl 4096] Endgame KRN-KRN} 35. a4 Na5 36. Nc7 Re7 37. Nb5 Rd7 38. Rd1 d5 39. Nc3 d4 40. exd4 $1 cxd4 41. Ne4 f5 42. Nc5 Rc7 43. Rc1 {Ne6+! is the strong threat.} Rc6 44. Kg2 Kf6 45. Kf3 Ke5 ({Black should play} 45... Ke7 $17 46. Nd3 Rxc1 47. Nxc1 Kd6) 46. Nd3+ $15 Kd6 47. Rb1 $1 Rc3 48. Ke2 (48. Rb6+ $1 $11 {keeps the balance.} Kc7 49. Rb5) 48... Nb3 $17 49. a5 Nxa5 {Threatens to win with ...Nb3.} 50. Rb5 Nc4 51. Rxf5 Ke6 52. g4 f6 {aiming for ...Ne5.} 53. Rb5 $2 (53. h4 $17 {keeps fighting.}) 53... Rc2+ $19 54. Ke1 Ra2 (54... Ne5 $1 $19 {[%cal Re5d3]} 55. Rb6+ Rc6 56. Nc5+ Kd5 57. Rxc6 Nxc6) 55. f4 $17 Ra5 $1 {[%cal Ra5b5]} 56. Rb8 Kd5 {Strongly threatening ...Ke4.} 57. Ke2 Ra2+ 58. Kf3 Nd2+ 59. Ke2 Nb1+ $1 60. Kf3 $2 {[%mdl 8192] [#]} (60. Kf1 $17 {was the only defense.} Rh2 61. Nf2 Nd2+ 62. Kg1 Nf3+ 63. Kf1) 60... Ra3 $1 $19 {[%cal Ra3d3]} 61. Ke2 Nc3+ 62. Kf3 {[#]} Na4 $1 63. Ke2 Ra2+ 64. Kf3 Kc4 65. fxg5 (65. Nf2 $142) 65... hxg5 ({Avoid the trap} 65... Kxd3 $2 66. gxh6 Nc5 67. h7 $18) 66. Nf2 Ra3+ 67. Kg2 Nc5 68. Rf8 Ra6 69. h4 $2 (69. Re8) 69... gxh4 {Black is clearly winning.} 70. Kh3 Ra3+ 71. Kxh4 Rf3 72. Nh3 d3 {[%cal Bd4d3,Bd3d2][%mdl 32]} 73. Rd8 Ne4 74. Rc8+ Kd4 75. Rc1 d2 76. Ra1 Nc3 77. g5 fxg5+ 78. Kg4 Rf8 79. Nxg5 Rg8 {Precision: White = 51%, Black = 72%.} 0-1

[Event "EICC 2017"]
[Site "Minsk"]
[Date "2017.06.06"]
[Round "7"]
[White "Romanov, Evgeny"]
[Black "Sturua, Zurab"]
[Result "1-0"]
[WhiteElo "2636"]
[BlackElo "2555"]
[Annotator "TA"]
[PlyCount "75"]
[EventDate "2017.??.??"]
[EventCountry "BLR"]
[SourceTitle "playchess.com"]
[Source "ChessBase"]
[SourceQuality "1"]

{[%evp 30,75,87,99,135,138,148,143,143,152,265,260,258,251,685,163,163,163,164,91,91,91,91,91,91,85,92,98,153,27,43,32,22,41,70,0,0,0,0,0,0,0,381,368,581,577,907,878]} 1. c4 Nf6 2. Nf3 b6 3. g3 Bb7 4. Bg2 c5 5. O-O g6 6. d4 cxd4 7. Qxd4 Bg7 8. Nc3 d6 9. Be3 Nbd7 10. Rac1 Rc8 11. b3 O-O 12. Qh4 {A30: Symmetrical English: Double Fianchetto and Hedgehog} a6 13. Rfd1 Rc7 14. g4 (14. Ne1 Qa8 15. Bxb7 Qxb7 16. Ng2 Rc6 17. Nd5 Nxd5 18. cxd5 Rxc1 19. Rxc1 Nf6 20. Nf4 {0-1 (32) Lalith,B (2587)-Tomashevsky,E (2716) Doha 2016}) 14... Re8 15. Bh3 b5 16. g5 {LiveBook: 4 Games} b4 17. gxf6 Bxf6 18. Ng5 Bxg5 19. Bxg5 {[#] Black must now prevent Nd5.} bxc3 $146 {[#]} (19... f6 $16 {is a better defense.}) ({Predecessor:} 19... f6 20. Nd5 Bxd5 21. cxd5 fxg5 22. Qxg5 Rxc1 23. Rxc1 {1-0 (42) Sasikiran,K (2569)-Lalic,B (2523) Kolkata 2002}) 20. Rxd6 $1 $18 {[%mdl 512]} f5 (20... exd6 21. Bxd8) 21. Rxc3 Qc8 $2 (21... Qb8) 22. Rd1 $2 (22. Rxg6+ hxg6 23. Bxf5 $1 {[%mdl 512]} gxf5 24. Qh5 Ne5 25. Rg3 Bf3 26. exf3 f4 27. Bxf4+ Qg4 28. Bxe5) 22... Nc5 23. f3 Rd7 {[#]} 24. Rcc1 (24. Rxd7 $1 $18 Qxd7 25. Be3) 24... e5 $16 25. Rxd7 Qxd7 26. Be3 Ne6 27. Qf6 Nf4 28. Bf1 Nh5 (28... Re6 $142 29. Qg5 h6) 29. Qh4 (29. Qb6 $16) 29... f4 $1 $11 {[%cal Rf4e3]} 30. Bb6 $36 {[%mdl 2048] White has some pressure.} e4 31. Qf2 Qd2 32. Qe1 (32. Ra1 $14) 32... Qd6 $1 {[%cal Rd6b6]} 33. c5 $1 {[%cal Rc5d6,Bc4c5,Bc5c6][%mdl 32]} Qf6 34. Qc3 Qg5+ 35. Bg2 $1 {aiming for c6.} Bd5 $2 {[%mdl 8192] [#]} (35... Bc6 $11) 36. c6 $1 $18 e3 (36... Be6 {was necessary.}) 37. Qa5 Nf6 38. Bd8 {Precision: White = 55%, Black = 51%.} 1-0

[Event "EICC 2017"]
[Site "Minsk"]
[Date "2017.06.06"]
[Round "7"]
[White "Bluebaum, Matthias"]
[Black "Esipenko, Andrey"]
[Result "1/2-1/2"]
[WhiteElo "2632"]
[BlackElo "2509"]
[Annotator "TA"]
[PlyCount "67"]
[EventDate "2017.??.??"]
[EventCountry "BLR"]
[SourceTitle "playchess.com"]
[Source "ChessBase"]
[SourceQuality "1"]

{[%evp 25,67,18,35,16,59,28,28,26,39,35,52,9,19,9,12,10,25,12,14,11,10,14,46,13,27,14,26,0,44,0,51,14,20,0,27,17,20,0,22,0,25,0,31,0]} 1. d4 Nf6 2. c4 e6 3. Nf3 b6 4. a3 Bb7 5. Nc3 d5 6. cxd5 Nxd5 7. Qc2 Be7 8. e4 Nxc3 9. bxc3 O-O 10. Bd3 c5 11. O-O Qc7 12. Qe2 Nd7 13. a4 {E12: Queen's Indian: Unusual White 4th moves, 4 a3, 4 Nc3 Bb7 5 a3 and 4 Nc3 Bb7} Rfe8 {LiveBook: 4 Games} (13... Rfd8 14. Bd2 Rac8 15. h3 e5 16. Rfc1 Bd6 17. Bc4 Rf8 18. d5 Ra8 19. Be3 Bc8 20. Nd2 Nf6 {1-0 (42) Wang,Y (2726)-Zhou,W (2627) China 2015}) 14. Be3 Nf6 $146 ({Predecessor:} 14... c4 15. Bc2 e5 16. Nxe5 Nxe5 17. dxe5 Qxe5 18. Bd4 Qe6 19. Rae1 Rac8 20. Qh5 Qg6 21. Qh3 Qe6 22. Qg3 Qg6 23. Qh3 Qe6 24. Qg3 Qg6 25. Qh3 Qe6 26. f4 Bc5 {½-½ (26) Pert,N (2501)-Gormally,D (2472) Halifax 2004}) 15. Nd2 Red8 16. f3 h6 17. a5 Nd7 18. axb6 (18. f4 {feels hotter.} Nf6 19. g4 Nh7 20. a6 Bc6 21. e5) 18... axb6 19. Bb5 Rxa1 20. Rxa1 Ra8 21. Rxa8+ Bxa8 22. Nc4 Bc6 23. Qb2 Qc8 24. h3 Qa8 25. Kh2 Qb8+ 26. Kg1 Qa8 27. Kh2 Qb8+ 28. e5 (28. Kh1 $5 {[%cal Rb5c6]} Qc7 29. Bf2 $11) 28... Qa8 29. Qb3 Bf8 30. Bf2 Be7 31. Be3 Bf8 32. Bf2 Be7 33. Be3 Bf8 34. Bf2 {Precision: White =  5%, Black = 56%.} 1/2-1/2

[Event "EICC 2017"]
[Site "Minsk"]
[Date "2017.06.06"]
[Round "7"]
[White "Yilmaz, Mustafa"]
[Black "Naiditsch, Arkadij"]
[Result "1/2-1/2"]
[WhiteElo "2630"]
[BlackElo "2700"]
[Annotator "TA"]
[PlyCount "46"]
[EventDate "2017.??.??"]
[EventCountry "BLR"]
[SourceTitle "playchess.com"]
[Source "ChessBase"]
[SourceQuality "1"]

{[%evp 16,46,25,21,28,23,16,21,71,20,28,15,20,0,11,17,12,13,27,0,41,0,54,51,89,48,93,89,66,71,62,0,0]} 1. d4 Nf6 2. c4 e6 3. Nf3 d5 4. Nc3 Nbd7 5. cxd5 exd5 6. Bg5 Be7 7. e3 c6 8. Bd3 Ne4 9. Bf4 Ndf6 {D35: Queen's Gambit Declined: Exchange Variation} 10. Qc2 Bf5 (10... O-O 11. O-O Bf5 12. Ne5 g6 13. f3 Nd6 14. Rad1 Bxd3 15. Rxd3 Nh5 16. Bh6 Re8 17. e4 {1-0 (59) Navara,D (2742)-Hammer,J (2651) Novy Bor 2016}) 11. Ne5 {Black must now prevent f3.} g6 12. O-O (12. f3 $16 Nd6 13. Bxf5 Nxf5 14. g4) 12... Nd6 13. h3 O-O 14. Rad1 Rc8 $146 ({Predecessor:} 14... Bxd3 15. Rxd3 Re8 16. Re1 Nh5 17. Bh2 {½-½ (59) Voiculescu,C (2525)-Jedrzejowski,M (2475) ICCF email 2012}) 15. Bxf5 Nxf5 16. g4 Ng7 17. Bh6 Nfe8 18. f3 Nd6 (18... Bb4 $11) 19. e4 $1 $14 Re8 20. Qb3 Bg5 21. Bxg5 Qxg5 22. exd5 Qh4 23. Ne4 (23. Rf2 $14) 23... cxd5 {Precision: White = 27%, Black = 32%.} 1/2-1/2

[Event "EICC 2017"]
[Site "Minsk"]
[Date "2017.06.06"]
[Round "7"]
[White "Demchenko, Anton"]
[Black "Bacrot, Etienne"]
[Result "1-0"]
[WhiteElo "2629"]
[BlackElo "2696"]
[Annotator "TA"]
[PlyCount "38"]
[EventDate "2017.??.??"]
[EventCountry "BLR"]
[SourceTitle "playchess.com"]
[Source "ChessBase"]
[SourceQuality "1"]

{[%evp 1,1,16]} 1. e4 {Predecessor:} c5 $146 2. Nf3 d6 3. d4 cxd4 4. Nxd4 Nf6 5. Nc3 a6 6. Be3 Ng4 7. Bc1 Nf6 8. f3 e5 9. Nb3 Be6 10. Be3 h5 11. Qd2 Nbd7 12. Nd5 Bxd5 13. exd5 g6 14. Be2 Bg7 15. O-O b6 16. c4 O-O 17. h3 Nh7 18. g4 hxg4 19. hxg4 Bf6 {½-½ (49) So,W (2815)-Giri,A (2785) chess.com INT 2017} 1-0